Giáo trình Hán Nôm

Spremljeno u:
Bibliografski detalji
Glavni autor: Phan Văn Các
Format: Knjiga
Oznake: Dodaj oznaku
Bez oznaka, Budi prvi tko označuje ovaj zapis!
Thư viện lưu trữ: Mạng thư viện Đại học Đà Nẵng
LEADER 00548nam a2200205 4500
001 000016301
003 12700
005 20150812150812.0
008 120817s sd
100 0 |a Phan Văn Các 
245 0 0 |a Giáo trình Hán Nôm  |c Phan Văn Các 
774 |a Phan Văn Các  |d H.  |d Giáo dục  |d 1985  |h 348tr.  |w 12701 
OWN |a LSP 
999 |a From the UDN01 
TYP |a Monograph 
TYP |a Printed language 
980 |a Mạng thư viện Đại học Đà Nẵng